Informe sobre el Huallaga : (Registro nro. 3063)

000 -CABECERA
campo de control de longitud fija 00999nam a2200217 4500
005 - FECHA Y HORA DE LA ÚLTIMA TRANSACCIÓN
campo de control 20211212224413.0
008 - DATOS DE LONGITUD FIJA--INFORMACIÓN GENERAL
campo de control de longitud fija 211210s1950 pe b|||fr|||| 001 0 spa d
040 ## - FUENTE DE LA CATALOGACIÓN
Centro catalogador/agencia de origen CENDOC CAAAP
Lengua de catalogación spa
Centro/agencia transcriptor CAAAP
041 ## - CÓDIGO DE LENGUA
Código de lengua del texto/banda sonora o título independiente spa
050 ## - SIGNATURA TOPOGRÁFICA DE LA BIBLIOTECA DEL CONGRESO
Número de clasificación Q 116
Número de documento/Ítem .o65
110 2# - ENTRADA PRINCIPAL--NOMBRE DE ENTIDAD CORPORATIVA
9 (RLIN) 163
Nombre de entidad corporativa o nombre de jurisdicción como elemento de entrada Perú. Ministerio de Relaciones exteriores
245 ## - MENCIÓN DE TÍTULO
Título Informe sobre el Huallaga :
Subtitulo expedición científica a su cuenca Central, emprendida por la Unesco con acuerdo del gobierno del Perú
250 ## - MENCIÓN DE EDICIÓN
Mención de edición 1ra ed.
260 ## - PUBLICACIÓN, DISTRIBUCIÓN, ETC.
Lugar de publicación, distribución, etc. Lima:
Nombre del editor, distribuidor, etc. Ministerio de Relaicones Exteriores,
Fecha de publicación, distribución, etc. 1950
300 ## - DESCRIPCIÓN FÍSICA
Extensión 224 p.
505 ## - NOTA DE CONTENIDO CON FORMATO
Nota de contenido con formato Contiene: Informe del jefe de la expedición de candido Bolivar Pieltain -- Inform geográfico del Dr. Edwin B. Doran Jr. -- Informe édico del profesor Pedro Weiss H. -- Informe etnologico el Dr. Anival Buitron -- Informe botánico del Dr. Ramón Ferreyra.
650 #0 - PUNTO DE ACCESO ADICIONAL DE MATERIA--TÉRMINO DE MATERIA
9 (RLIN) 935
Término de materia o nombre geográfico como elemento de entrada Investigación y Desarrollo
650 #0 - PUNTO DE ACCESO ADICIONAL DE MATERIA--TÉRMINO DE MATERIA
9 (RLIN) 252
Término de materia o nombre geográfico como elemento de entrada Condiciones Sociales
651 #0 - PUNTO DE ACCESO ADICIONAL DE MATERIA--NOMBRE GEOGRÁFICO
9 (RLIN) 4546
Nombre geográfico Río Huallaga ,
Subdivisión geográfica Perú
942 ## - ELEMENTOS PERSONALIZADOS KOHA
Fuente del sistema de clasificación o colocación
Fecha de catalogación 10 - 12 - 21
Tipo de ítem Koha Libros
Existencias
Fuente del sistema de clasificación o colocación Localización permanente Ubicación/localización actual Fecha de adquisición Número de inventario Total de préstamos Signatura LC Fecha visto por última vez Tipo de ítem Koha
  CENTRO DE DOCUMENTACIÓN (CENDOC) CENTRO DE DOCUMENTACIÓN (CENDOC) 12/12/2021 000067   Q 116 .o65 12/12/2021 Libros
Centro de Documentación CAAAP | AV. Manuel González Prada 626, Magdalena del Mar | (51-1) 4615223 Anexo 205 y 209 | cendoc@caaap.org.pe